All 10k+ cities in Indiana on a Map - Statistics

General Stats
  • This quiz has been taken 153 times
  • The average score is 35 of 81
Answers on the Map
Answers color-coded by a green-red scale on the quiz's map according to % correct below.
 
Answer Stats
City Population % Correct
Indianapolis 887,642
100%
Fort Wayne 263,886
97%
Gary 69,093
93%
South Bend 103,453
91%
Evansville 117,298
88%
Carmel 99,757
84%
Fishers 98,977
82%
Bloomington 79,168
81%
Hammond 77,879
81%
Terre Haute 58,389
81%
Lafayette 70,783
79%
Muncie 65,194
76%
Kokomo 59,604
75%
West Lafayette 44,595
75%
Michigan City 32,075
72%
Elkhart 53,923
69%
East Chicago 26,370
66%
Anderson 54,788
63%
Columbus 50,474
61%
Noblesville 69,604
61%
Jeffersonville 49,447
60%
Valparaiso 34,151
60%
Greenwood 63,830
54%
Mishawaka 51,063
48%
New Albany 37,841
46%
Richmond 35,720
46%
Zionsville 30,903
46%
Lawrence 49,370
42%
Speedway 13,952
42%
Marion 28,310
40%
Merrillville 36,444
40%
Westfield 46,410
40%
La Porte 22,471
39%
Vincennes 16,759
37%
Brownsburg 28,973
36%
Crown Point 33,899
36%
Goshen 34,517
36%
Washington 12,017
36%
Clarksville 22,333
34%
Greenfield 23,488
34%
Portage 37,926
34%
Schererville 29,646
34%
Avon 21,474
33%
Danville 10,559
33%
Lebanon 16,662
33%
Madison 12,357
33%
Franklin 25,313
31%
Hobart 29,752
31%
Peru 11,073
31%
Plainfield 34,625
31%
Wabash 10,440
31%
Highland 23,984
30%
Seymour 21,569
30%
Shelbyville 20,067
30%
Warsaw 15,804
30%
Bedford 13,792
28%
Huntington 17,022
28%
Logansport 18,366
28%
Munster 23,894
28%
Beech Grove 14,717
27%
Crawfordsville 16,306
27%
Jasper 16,703
25%
Martinsville 11,932
25%
Plymouth 10,214
25%
St. John 20,303
25%
Whitestown 10,178
25%
Auburn 13,412
24%
Chesterton 14,241
24%
Lowell 10,680
24%
New Castle 17,396
24%
New Haven 15,583
24%
Dyer 16,517
22%
Frankfort 16,715
22%
Greensburg 12,312
22%
Griffith 16,528
22%
Lake Station 13,235
22%
Yorktown 11,548
22%
Cedar Lake 14,106
19%
Connersville 13,324
19%
Kendallville 10,271
19%
Bluffton 10,308
18%
No matching quizzes found
Score Distribution
Percent of People with Each Score
Percentile by Number Answered
Your Score History
You have not taken this quiz